[Event "Berlin op 08"]
[Site "Berlin"]
[Date "2006.08.20"]
[Round "2"]
[White "Mai, Andreas"]
[Black "Offermann, Fernando"]
[Result "0-1"]
[WhiteElo "1744"]
[BlackElo "1986"]
[PlyCount "76"]
[EventDate "2006.08.19"]
[EventType "swiss"]
[EventRounds "9"]
[EventCountry "GER"]
[SourceTitle "EXT 2007"]
[Source "ChessBase"]
[SourceDate "2006.11.23"]
[SourceVersion "1"]
[SourceVersionDate "2006.11.23"]
[SourceQuality "1"]

1. e4 c5 2. Nf3 d6 3. d4 cxd4 4. Nxd4 Nf6 5. Nc3 a6 6. Bc4 e6 7. 0-0 Be7 8. Be3 Nc6 9. f4 d5 10. Bb3 Na5 11. e5 Nd7 12. Qg4 g6 13. Qh3 b5 14. g4 Qc7 15. Qf3 Nc4 16. Bxc4 Qxc4 17. Nce2 Qc7 18. c3 Rb8 19. Rac1 Rb7 20. Ng3 0-0 21. Rf2 Nc5 22. Rg2 f6 23. exf6 Bxf6 24. f5 Bg7 25. Bf4 e5 26. f6 exf4 27. fxg7 Kxg7 28. Rf1 Qd6 29. Nge2 Rbf7 30. h4 Ne4 31. Nc1 b4 32. c4 Qf6 33. Ncb3 Ng3 34. g5 Qf5 35. cxd5 Nxf1 36. Kxf1 Rd8 37. h5 Qxd5 38. h6+ Kg8 0-1

[Event "Berlin op 08"]
[Site "Berlin"]
[Date "2006.08.19"]
[Round "1"]
[White "Offermann, Fernando"]
[Black "Janke, Jeffrey"]
[Result "0-1"]
[WhiteElo "1986"]
[BlackElo "1555"]
[PlyCount "146"]
[EventDate "2006.08.19"]
[EventType "swiss"]
[EventRounds "9"]
[EventCountry "GER"]
[SourceTitle "EXT 2007"]
[Source "ChessBase"]
[SourceDate "2006.11.23"]
[SourceVersion "1"]
[SourceVersionDate "2006.11.23"]
[SourceQuality "1"]

1. e4 e5 2. Nf3 Nc6 3. Bb5 a6 4. Ba4 Nf6 5. 0-0 b5 6. Bb3 Be7 7. Re1 0-0 8. c3 d5 9. d4 dxe4 10. Nxe5 Nxe5 11. dxe5 Ng4 12. Rxe4 Qxd1+ 13. Bxd1 Rd8 14. Be2 Nh6 15. Nd2 Bf5 16. Rd4 c5 17. Rxd8+ Rxd8 18. h3 Bd3 19. Bf3 Nf5 20. g3 Bf8 21. Nf1 g6 22. Bf4 b4 23. Rd1 c4 24. g4 bxc3 25. bxc3 Ng7 26. Nd2 Ne6 27. Be3 Bg7 28. Bb7 a5 29. f4 Bh6 30. g5 Bf8 31. Ne4 Bxe4 32. Rxd8 Bxb7 33. Rb8 Bc6 34. Rc8 Bb5 35. Kf2 Kg7 36. Kg3 Ba3 37. h4 Bd7 38. Ra8 Bc5 39. Bd2 a4 40. h5 gxh5 41. f5 Nf8 42. Ra5 Bb6 43. Ra6 Bc5 44. Kf4 h4 45. Be1 h3 46. Rh6 Ba3 47. Bd2 Bb2 48. Rxh3 a3 49. Rh1 Ba4 50. Bc1 Bc2 51. Ke3 Bxf5 52. Kd4 Bd3 53. Bd2 Ne6+ 54. Kd5 Kg6 55. Rh6+ Kg7 56. Rh1 Kg8 57. Re1 Nf8 58. Kc5 Ng6 59. Kb4 Nh4 60. e6 fxe6 61. Rxe6 Nf3 62. Be3 Bb1 63. Rf6 Bxa2 64. Rxf3 Bb3 65. Bd4 a2 66. Rf1 a1Q 67. Rxa1 Bxa1 68. Kc5 Kf7 69. Kb4 Bb2 70. Be3 Kg6 71. Bd2 Kf5 72. Be3 Ke4 73. Bd2 Kd3 0-1

[Event "CFriend AT-2005-0-00410 email"]
[Site "Chessfriend.com"]
[Date "2005.12.10"]
[Round "1"]
[White "Offermann, Fernando"]
[Black "Zhdanenia, Konstantin"]
[Result "1-0"]
[WhiteElo "2082"]
[BlackElo "2030"]
[PlyCount "39"]
[EventDate "2005.??.??"]
[EventType "tourn (corr)"]
[EventRounds "2"]
[SourceTitle "Corr 2024"]
[Source "ChessBase"]
[SourceDate "2023.10.19"]
[SourceVersion "1"]
[SourceVersionDate "2023.10.19"]
[SourceQuality "1"]

1. e4 e6 2. d4 d5 3. e5 c5 4. c3 Nc6 5. Nf3 Bd7 6. Be2 Nge7 7. Na3 cxd4 8. cxd4 Nf5 9. Nc2 Qb6 10. 0-0 Rc8 11. Kh1 Be7 12. Bd3 0-0 13. g4 Nh6 14. Rg1 Na5 15. Bxh6 gxh6 16. g5 Kh8 17. gxh6 Rg8 18. Rg7 Rxg7 19. hxg7+ Kxg7 20. Qg1+ 1-0

[Event "CFriend CP-2005-P-00019"]
[Site "Chessfriend.com"]
[Date "2005.10.01"]
[Round "1"]
[White "Keller, Thomas L"]
[Black "Offermann, Fernando"]
[Result "1/2-1/2"]
[WhiteElo "1935"]
[BlackElo "2082"]
[PlyCount "74"]
[EventDate "2005.??.??"]
[EventType "tourn (corr)"]
[EventRounds "4"]
[SourceTitle "Corr 2008"]
[Source "ChessBase"]
[SourceDate "2008.06.24"]
[SourceVersion "1"]
[SourceVersionDate "2008.06.24"]
[SourceQuality "1"]

1. e4 c5 2. Nf3 d6 3. d4 cxd4 4. Nxd4 Nf6 5. Nc3 a6 6. Bc4 e6 7. Bb3 Nbd7 8. f4 Nc5 9. e5 dxe5 10. fxe5 Nfd7 11. Bf4 b5 12. Qg4 h5 13. Qg3 h4 14. Qg4 Nf6 15. exf6 Qxd4 16. fxg7 Qxg7 17. Qe2 Be7 18. Be5 f6 19. Bd4 Nxb3 20. axb3 e5 21. Qf3 Rb8 22. Be3 Bb7 23. Nd5 Kf7 24. 0-0-0 Rbg8 25. Rd2 Qg4 26. Qxg4 Rxg4 27. Nxe7 Kxe7 28. Bc5+ Ke6 29. h3 Rf4 30. Rhd1 Kf5 31. Be3 Re4 32. Rf1+ Ke6 33. Bc5 Bd5 34. Rfd1 Rd8 35. b4 Rf4 36. b3 Rd7 37. Kb2 Rd8 1/2-1/2